01472nam a2200265 a 4500001001000000005001700010008004100027041000800068044000700076084002100083100004500104245009500149260003600244300003000280500022700310500015200537500022500689500004400914500001100958650005200969650005601021650003401077650004501111740005001156BRCA_276220190320203946.0051208s1902----fr-a---###---#000-0dspa-u aspa afr a242b.G376c19021 aCervantes Saavedra, Miguel ded1547-161610aEl Ingenioso Hidalgo Don Quijote de la Manchaccompuesto por Miguel de Cervantes Saavedra. aParísbGarnier hermanosc1902 axliv, 776 p.bil.c19 cm. aContenido : Primera parte. Retrato de Cervantes. Vida de Cervantes refundición de la escrita por Aribau. Dedicatoria del autor. Prólogo del autor. Texto. Segunda parte. Dedicatoria del autor. Prólogo del autor. Texto aEdición : Edición conforme la última corregida por la Academia Española, con la vida del autor y notas para la buena inteligencia del texto aUna de tantas ediciones de los mismos editores, con la vida del autor, refundición de la escrita por Aribau. De tamaño menor. Tela; lomo y planos dorados con adornos y asuntos quijotes dorados negros Lúdovik Osterc aCon ex-libris : Sello de John Sihemeies aQM226A14aNovela españolayÉpoca clásica, 1500-170014aLiteratura españolayÉpoca clásica, 1500-170014aNovela españolaySiglo XVII14aDon Quijote (Personaje ficticio)eNovela0 aEl Ingenioso Hidalgo Don Quijote de la Mancha